00778cam a2200217 a 4500020001500000020001800015082001200033100002300045245001600068250001200084260005500096300003500151500002000186650001400206700002100220700002700241942000700268999001500275952013200290952013800422 a0130103101 a978013084090500a540 BRO1 aBrown, Theodore L.10aChemistry : a8th ed. aUpper Saddle River, N.J. :bPrentice Hall,cc2000. axxxiii, 1023 p. :bcol. ill. ; aIncludes index. 0aChemistry1 aLeMay, H. Eugene1 aBursten, Bruce Edward. cBK c3350d3350 0010708NFICaMLCampusbICcGENd2016-05-17hdonationl21m3o540 BROp007098r2026-06-02 09:42:56s2026-05-19w2016-05-17yBK 0010708NFICaMLCampusbMLCampuscGENd2016-05-17hdonationl20m5o540 BROp007099r2026-03-26 11:54:00s2026-03-03w2016-05-17yBK